Sarah J. Maas Books - Statistics

General Stats
  • This quiz has been taken 429 times
    237 since last reset
  • The average score is 13 of 17
Answer Stats
Group Year of Publication Name of Book % Correct
ToG 2012 Throne of Glass
97%
ACoTaR 2015 A Court of Thorns and Roses
96%
ACoTaR 2016 A Court of Mist and Fury
90%
ToG 2014 The Assassin's Blade
87%
ACoTaR 2021 A Court of Silver Flames
82%
ToG 2017 Tower of Dawn
82%
ACoTaR 2017 A Court of Wings and Ruin
80%
ToG 2014 Heir of Fire
80%
ToG 2018 Kingdom of Ash
79%
ACoTaR 2018 A Court of Frost and Starlight
78%
ToG 2015 Queen of Shadows
78%
ToG 2013 Crown of Midnight
75%
ToG 2016 Empire of Storms
75%
Crescent City 2020 House of Earth and Blood
59%
Crescent City 2022 House of Sky and Breath
52%
Crescent City 2024 House of Flame and Shadow
51%
DC Icons 2018 Catwoman: Soulstealer
16%
No matching quizzes found
Score Distribution
Percent of People with Each Score
Percentile by Number Answered
Your Score History
You have not taken this quiz since the last reset